00886nam a2200205 i 4500001000700000003000900007005001700016007000300033008004100036100003900077245007900116250001200195260004600207300002000253505017400273651006300447852003100510999001900541952012000560130708ES-MaACL20250801063039.0t|070806s1984 mx ||||1| spa d1 aZavala, Silvio,d1909-2014911810813aEl servicio personal de los indios en la Nueva España / cSilvio Zavala. a1ª ed. aMéxico : bEl Colegio Nacional, c1984- a6 v. ; c22 cm.8 aContiene: T. I. 1521-1550 .-- T. II. 1550-1575 .-- T. III. 1576-1599 .-- T. IV. Suplemento a los tres primeros tomos relativos al siglo XVI .-- T. V. 1600-1635 (2 vols.) 4aMéxico-xHistoria-y1521-1821, Época colonial.9158070 aES-MaACLjP-446 bR.109321 c130708d130708 00104070aATENEOMbATENEOMcDEPO2d2008-01-17eSCl0oP-446p1136088r2023-02-23 00:00:00w2023-02-23yMONOGRAFIA